HIMYM Characters by Number of Episodes Quiz Stats

 Plays Quiz Updated Mar 29, 2016

Challenge
Share
Tweet
Embed
Score 0/49 Timer 10:00
0 Plays Today
# of episodes Character % Correct
208Barney Stinson
98.3%
208Ted Mosby
97.8%
208Robin Scherbatsky
96.6%
208Lily Aldrin
96.3%
208Marshall Eriksen
95.5%
12Stella Zinman
66.8%
17Victoria
62.7%
25Tracy McConnell
61.7%
19Carl
58.2%
13Zoey Pierson
55.9%
12Marvin Eriksen Sr.
55.3%
6Marvin Eriksen Jr.
55.3%
17Wendy
51.6%
21Ranjit
49.7%
14James Stinson
49.1%
7The Captain
47.1%
11Loretta Stinson
46.1%
65Luke Mosby
43.8%
10Nora
43.5%
11Quinn Garvey
42.5%
65Penny Mosby
41.6%
15Judy Eriksen
41.2%
12Patrice
39.9%
12Mickey Aldrin
39.6%
10Kevin
37.6%
# of episodes Character % Correct
6Don Frank
37.6%
10Sandy Rivers
35.7%
7Brad Morris
32.2%
7Scooter
31.4%
7Virginia Mosby
30.3%
8Arthur Hobbs
24%
11Marcus Eriksen
22.2%
6Gary Blauman
20.3%
7Nick Petteruti
18.9%
5Jeanette Peterson
18.4%
7Stuart
18.1%
5Becky
18%
7Robin Scherbatsky Sr.
16.6%
10Mike
16.4%
5Claudia
16.2%
5Lucy Zinman
15.9%
11Linus
15.9%
6Bilson
14.5%
5Alan Thicke
14%
5Sam Gibbs
13.5%
7Billy Zabka
13.4%
8Daphne
12.5%
5Tim Gunn
9.4%
5Curtis
6.9%

You're not logged in!

Compare scores with friends on all Sporcle quizzes.
Join for Free
OR
Log In

You Might Also Like...

Show Comments

Extras

Top Quizzes Today


Score Distribution

Your Account Isn't Verified!

In order to create a playlist on Sporcle, you need to verify the email address you used during registration. Go to your Sporcle Settings to finish the process.

Report this User

Report this user for behavior that violates our Community Guidelines.

Details: